[Event "Frauen Europameisterschaft"]
[Site "Dresden"]
[Date "2004.??.??"]
[Round "6.2"]
[White "Kosintseva, T."]
[Black "Slavina, I."]
[Result "0-1"]
[WhiteElo "2447"]
[BlackElo "2413"]
[PlyCount "64"]
[EventDate "2004.03.20"]

1. e4 e5 2. Nf3 Nc6 3. d4 exd4 4. Nxd4 Nf6 5. Nxc6 bxc6 6. e5 Qe7 7. Qe2 Nd5 8.
c4 Nb6 9. b3 Bb7 10. Bb2 a5 11. Nd2 a4 12. f4 axb3 13. axb3 Rxa1+ 14. Bxa1 Qa3
15. Qd1 Bb4 16. Bd3 Qa2 17. Ke2 O-O 18. Bb1 Qxd2+ 19. Qxd2 Bxd2 20. Kxd2 c5 21.
f5 d5 22. Bd3 Rd8 23. Ke3 d4+ 24. Kf4 Bxg2 25. Rb1 Nd7 26. Bb2 Re8 27. Re1 g6
28. b4 Nxe5 29. Kg3 Bc6 30. Bf1 gxf5 31. bxc5 f4+ 32. Kh3 Re6 0-1

[Event "Frauen Europameisterschaft"]
[Site "Dresden"]
[Date "2004.??.??"]
[Round "6.3"]
[White "Peptan Corina.Isabela, C."]
[Black "Lomineishvili, M."]
[Result "1/2-1/2"]
[WhiteElo "2439"]
[BlackElo "2397"]
[PlyCount "216"]
[EventDate "2004.03.20"]

1. e4 c5 2. Nf3 Nc6 3. Bb5 g6 4. O-O Bg7 5. Re1 e5 6. Bxc6 dxc6 7. d3 Qe7 8.
Nbd2 Nf6 9. Nc4 Nd7 10. a3 b6 11. b4 O-O 12. c3 Ba6 13. Qb3 Rfd8 14. Bg5 Bf6
15. Be3 Qe6 16. a4 cxb4 17. cxb4 Bg7 18. b5 Bb7 19. Ng5 Qe7 20. Nd6 Rf8 21.
Nxb7 Nb8 22. a5 Qxb7 23. axb6 axb6 24. Rxa8 Qxa8 25. Bxb6 h6 26. Nf3 Nd7 27.
bxc6 Qxc6 28. Be3 Rd8 29. Qc4 Qd6 30. Rb1 Nf8 31. Rb3 Ne6 32. h3 Qd7 33. Kh2
Qd6 34. g3 Qd7 35. Kg2 Qd6 36. Qb5 Rc8 37. Qb6 Qxb6 38. Rxb6 Rd8 39. Rb3 h5 40.
Kf1 Ra8 41. Rb2 Ra5 42. h4 Bf8 43. Bd2 Ra1+ 44. Ke2 f6 45. Bb4 Bxb4 46. Rxb4
Kf7 47. d4 Ra2+ 48. Kf1 exd4 49. Nxd4 Nxd4 50. Rxd4 Ke6 51. Rb4 Ke5 52. Kg2 Rc2
53. Kf3 Rc3+ 54. Ke2 Rc2+ 55. Ke3 Rc3+ 56. Kd2 Ra3 57. Rc4 Ra2+ 58. Ke3 Ra3+
59. Ke2 Ra2+ 60. Kf3 Ra3+ 61. Kg2 Ra2 62. Rb4 Rc2 63. Kf1 Rc1+ 64. Ke2 Rc2+ 65.
Ke1 Ra2 66. f4+ Ke6 67. Rb6+ Kf7 68. Rb3 Ke6 69. Re3 Ra1+ 70. Kf2 Ra2+ 71. Kf3
Ra1 72. Rb3 Ra6 73. Ke3 Rc6 74. Kd4 Ra6 75. Rc3 Rd6+ 76. Ke3 Ra6 77. Kf3 Ra4
78. Rc6+ Kf7 79. Rc7+ Ke6 80. Rg7 Ra3+ 81. Kg2 Ra2+ 82. Kh3 Ra5 83. e5 Kf5 84.
Rf7 Ra6 85. Rf8 Rb6 86. Rf7 Ra6 87. Kg2 Ra2+ 88. Kf1 Kg4 89. Rxf6 Kxg3 90. f5
gxf5 91. Rxf5 Kg4 92. Rf8 Ra5 93. e6 Re5 94. Rf6 Kxh4 95. Rg6 Kh3 96. Kf2 h4
97. Kf3 Kh2 98. Rg2+ Kh3 99. Re2 Rf5+ 100. Ke4 Rf8 101. e7 Re8 102. Kf4 Rf8+
103. Kg5 Rg8+ 104. Kf5 Re8 105. Kf4 Rf8+ 106. Kg5 Rg8+ 107. Kh5 Rh8+ 108. Kg5
Rg8+ 1/2-1/2

[Event "Frauen Europameisterschaft"]
[Site "Dresden"]
[Date "2004.??.??"]
[Round "6.4"]
[White "Arakhamia-Grant, K."]
[Black "Sedina, E."]
[Result "1-0"]
[WhiteElo "2435"]
[BlackElo "2393"]
[PlyCount "67"]
[EventDate "2004.03.20"]

1. e4 e6 2. d4 d5 3. Nc3 Bb4 4. e5 Ne7 5. a3 Bxc3+ 6. bxc3 c5 7. Nf3 Qc7 8. a4
h6 9. Bd3 b6 10. O-O Ba6 11. a5 Qc6 12. Ba3 Bxd3 13. cxd3 Nd7 14. dxc5 bxc5 15.
d4 Rc8 16. Qe2 O-O 17. Rfb1 Rfe8 18. dxc5 Nxc5 19. Nd4 Qa8 20. a6 Ne4 21. Rb7
Ng6 22. Bd6 Rxc3 23. Nb5 Rc6 24. Nc7 Qc8 25. Nxe8 Rc2 26. Qe3 d4 27. Qe1 d3 28.
Nf6+ gxf6 29. Rb8 Nxd6 30. Rxc8+ Nxc8 31. exf6 Nf4 32. Qe3 d2 33. Qxf4 Nb6 34.
Qxh6 1-0

[Event "Frauen Europameisterschaft"]
[Site "Dresden"]
[Date "2004.??.??"]
[Round "6.5"]
[White "Danielian, E."]
[Black "Bojkovic, N."]
[Result "1-0"]
[WhiteElo "2428"]
[BlackElo "2391"]
[PlyCount "111"]
[EventDate "2004.03.20"]

1. d4 Nf6 2. Nf3 e6 3. e3 b6 4. Bd3 Bb7 5. O-O c5 6. c4 g6 7. Nc3 Bg7 8. dxc5
bxc5 9. e4 d6 10. e5 dxe5 11. Nxe5 Nc6 12. Nxc6 Bxc6 13. Be3 Qe7 14. f3 O-O 15.
Qc2 Rfd8 16. Rad1 Rab8 17. b3 Nh5 18. Be4 Be8 19. f4 Bd4 20. Bxd4 cxd4 21. Ne2
Qc5 22. Qd3 Rb6 23. Rd2 Rbd6 24. Rfd1 a5 25. Kh1 f5 26. Bf3 Nf6 27. Qc2 Bc6 28.
Bxc6 Ng4 29. Nc1 Ne3 30. Qd3 Nxd1 31. Bf3 Ne3 32. Qe2 Qb4 33. Nd3 Qc3 34. Kg1
R6d7 35. Kf2 a4 36. Nc5 axb3 37. axb3 Re7 38. Qd3 Qb4 39. Na6 Qa5 40. c5 Ra7
41. Be2 Nd5 42. Qxd4 Rxa6 43. b4 Qa1 44. Bxa6 Qxa6 45. Qe5 Kf7 46. h4 Qb7 47.
Rd4 h5 48. Kg1 Ra8 49. b5 Rc8 50. b6 Rxc5 51. Qh8 Qxb6 52. Qh7+ Ke8 53. Qxg6+
Kd7 54. Kh2 Rc7 55. Rxd5+ Kc8 56. Qe8+ 1-0

[Event "Frauen Europameisterschaft"]
[Site "Dresden"]
[Date "2004.03.26"]
[Round "6.6"]
[White "Mkrtchian, L."]
[Black "Kosintseva, N."]
[Result "1/2-1/2"]
[WhiteElo "2395"]
[BlackElo "2425"]
[PlyCount "109"]
[EventDate "2004.03.20"]

1. e4 c5 2. d3 Nc6 3. g3 g6 4. Bg2 Bg7 5. f4 d6 6. Nf3 Nf6 7. O-O O-O 8. Nc3
Rb8 9. a4 a6 10. h3 b5 11. axb5 axb5 12. g4 b4 13. Ne2 Nd7 14. f5 Nde5 15. Nxe5
Nxe5 16. Bg5 Bb7 17. Qd2 Qd7 18. Bh6 Ra8 19. Rxa8 Rxa8 20. Bxg7 Kxg7 21. g5 Kg8
22. f6 e6 23. b3 d5 24. exd5 Bxd5 25. Ng3 h5 26. gxh6 Ra2 27. Be4 Kh7 28. Qf4
Qd6 29. Rf2 Ra1+ 30. Rf1 Rxf1+ 31. Kxf1 Nc4 32. Qg5 Nd2+ 33. Ke2 Nxe4 34. dxe4
Bc6 35. e5 Bb5+ 36. Kf2 Qd1 37. Qe3 Qxc2+ 38. Ke1 Bd3 39. h4 c4 40. Qa7 Qc1+
41. Kf2 Qf4+ 42. Kg2 Be4+ 43. Kh3 Bf5+ 44. Kg2 Qd2+ 45. Kg1 Kxh6 46. Qxf7 Qe3+
47. Kg2 Be4+ 48. Kh3 Bf5+ 49. Kg2 Qd2+ 50. Kg1 Qe1+ 51. Kg2 Qd2+ 52. Kf1 Qd1+
53. Kf2 Qd2+ 54. Kg1 Qe1+ 55. Kg2 1/2-1/2

[Event "Frauen Europameisterschaft"]
[Site "Dresden"]
[Date "2004.03.26"]
[Round "6.7"]
[White "Zielinska, M."]
[Black "Pogonina, N."]
[Result "1/2-1/2"]
[WhiteElo "2414"]
[BlackElo "2382"]
[PlyCount "35"]
[EventDate "2004.03.20"]

1. b3 e5 2. Bb2 Nc6 3. e3 d6 4. g3 g6 5. Bg2 Bg7 6. Ne2 Nge7 7. d3 O-O 8. Nd2
Be6 9. a3 a5 10. c4 Qd7 11. h3 Rab8 12. Qc2 d5 13. cxd5 Bxd5 14. Ne4 Qe6 15.
Ng5 Qd6 16. Ne4 Qe6 17. Ng5 Qd6 18. Ne4 1/2-1/2

[Event "Frauen Europameisterschaft"]
[Site "Dresden"]
[Date "2004.03.26"]
[Round "6.9"]
[White "Sebag, M."]
[Black "Kosteniuk, A."]
[Result "0-1"]
[WhiteElo "2404"]
[BlackElo "2469"]
[PlyCount "86"]
[EventDate "2004.03.20"]

1. e4 d6 2. d4 g6 3. Nc3 Bg7 4. Be3 a6 5. Nf3 b5 6. a4 b4 7. Ne2 Bb7 8. Ng3 Nd7
9. Qd2 c5 10. Bd3 Ngf6 11. h3 d5 12. e5 Ne4 13. Bxe4 dxe4 14. Ng5 cxd4 15. e6
f5 16. Qxb4 Ne5 17. Bf4 Qd5 18. Bxe5 Bxe5 19. Nf7 Bxg3 20. fxg3 Rf8 21. O-O-O
d3 22. cxd3 exd3 23. Rhe1 Rc8+ 24. Kb1 Rc4 25. Qb6 Rxf7 26. exf7+ Kxf7 27. Re3
Rxa4 28. Rdxd3 Qa2+ 29. Kc1 Qc4+ 30. Rc3 Qf1+ 31. Kc2 Be4+ 32. Rxe4 Qxg2+ 33.
Kb3 Qxe4 34. Rc7 a5 35. Rxe7+ Kxe7 36. Qc7+ Kf8 37. Qd8+ Qe8 38. Qxe8+ Kxe8 39.
Kxa4 g5 40. b4 f4 41. gxf4 gxf4 42. bxa5 Kd7 43. a6 Kc6 0-1

[Event "Frauen Europameisterschaft"]
[Site "Dresden"]
[Date "2004.??.??"]
[Round "6.10"]
[White "Dzagnidze, N."]
[Black "Paehtz, E."]
[Result "1-0"]
[WhiteElo "2457"]
[BlackElo "2399"]
[PlyCount "75"]
[EventDate "2004.03.20"]

1. Nf3 Nf6 2. c4 d6 3. b3 c5 4. Bb2 Nbd7 5. g3 b6 6. Bg2 Bb7 7. O-O g6 8. e3
Bg7 9. d4 O-O 10. d5 b5 11. Qc2 Nb6 12. Nbd2 bxc4 13. bxc4 Ba6 14. e4 Rb8 15.
Rfb1 Bc8 16. a4 Bd7 17. a5 Na8 18. Bc3 Nh5 19. Bxg7 Nxg7 20. Qc3 f6 21. Ne1 Nc7
22. f4 Na6 23. Nd3 Qc7 24. e5 Bf5 25. Be4 fxe5 26. fxe5 Nb4 27. Nf2 Rf7 28. e6
Rf6 29. g4 Bxe4 30. Nfxe4 Rf4 31. Rf1 Rxg4+ 32. Kh1 Nf5 33. h3 Rh4 34. Rxf5
gxf5 35. Rg1+ Rg4 36. Ng3 Na2 37. Qa1 Qxa5 38. Nxf5 1-0

[Event "Frauen Europameisterschaft"]
[Site "Dresden"]
[Date "2004.03.26"]
[Round "6.11"]
[White "Zakurdjaeva, I."]
[Black "Gaponenko, I."]
[Result "1/2-1/2"]
[WhiteElo "2244"]
[BlackElo "2430"]
[PlyCount "103"]
[EventDate "2004.03.20"]

1. e4 c5 2. Nf3 d6 3. d4 cxd4 4. Nxd4 Nf6 5. Nc3 g6 6. Be3 Bg7 7. f3 Nc6 8. Qd2
O-O 9. Bc4 Bd7 10. O-O-O Qa5 11. Kb1 Rfc8 12. Bb3 Ne5 13. h4 Nc4 14. Bxc4 Rxc4
15. Nb3 Qc7 16. g4 Rc8 17. h5 Rxc3 18. Qxc3 Qxc3 19. bxc3 b6 20. hxg6 hxg6 21.
Bd4 e5 22. Be3 Rxc3 23. Rd3 Rc6 24. Kb2 Kf8 25. Bh6 Bxh6 26. Rxh6 Ke7 27. g5
Nh5 28. Rc3 Nf4 29. Rh8 Rxc3 30. Kxc3 Be8 31. Rh2 d5 32. Kd2 d4 33. Nc1 Ne6 34.
Rg2 Bb5 35. Rg1 Kd6 36. Nd3 Bxd3 37. Kxd3 Kc5 38. a3 b5 39. c3 Nf4+ 40. Kc2
dxc3 41. Rd1 Ne6 42. Kxc3 Nd4 43. Rf1 a5 44. Kb2 b4 45. f4 bxa3+ 46. Kxa3 Ne6
47. fxe5 Nxg5 48. Rf3 Kd4 49. e6 Nxe6 50. Rxf7 Kxe4 51. Rf6 Nf4 52. Rxg6
1/2-1/2

[Event "Frauen Europameisterschaft"]
[Site "Dresden"]
[Date "2004.03.26"]
[Round "6.12"]
[White "Dworakowska, J."]
[Black "Socko, M."]
[Result "0-1"]
[WhiteElo "2370"]
[BlackElo "2415"]
[PlyCount "66"]
[EventDate "2004.03.20"]

1. e4 e6 2. d4 d5 3. Nc3 Nf6 4. Bg5 Be7 5. e5 Nfd7 6. Bxe7 Qxe7 7. f4 O-O 8.
Nf3 c5 9. Qd2 Nc6 10. dxc5 f6 11. exf6 Qxf6 12. g3 Nxc5 13. O-O-O Rd8 14. Qe1
a6 15. Bd3 Bd7 16. Qf2 Nxd3+ 17. Rxd3 Rac8 18. Re1 b5 19. Ne5 b4 20. Nxd7 Rxd7
21. Ne4 Qf5 22. Nc5 Re7 23. Nxa6 d4 24. a3 Qb5 25. f5 Qxa6 26. Rxe6 bxa3 27.
Rxa3 Qc4 28. Rxe7 Nxe7 29. f6 gxf6 30. Ra7 Nc6 31. Rb7 Ne5 32. Kb1 d3 33. c3 d2
0-1

[Event "Frauen Europameisterschaft"]
[Site "Dresden"]
[Date "2004.03.26"]
[Round "6.13"]
[White "Alexandrova, O."]
[Black "Muzychuk, A."]
[Result "1-0"]
[WhiteElo "2437"]
[BlackElo "2367"]
[PlyCount "131"]
[EventDate "2004.03.20"]

1. d4 f5 2. g3 Nf6 3. Bg2 g6 4. Nf3 Bg7 5. c4 O-O 6. O-O d6 7. Nc3 e6 8. Qc2
Nc6 9. d5 Ne5 10. Nxe5 dxe5 11. e4 exd5 12. cxd5 Qe7 13. Bd2 f4 14. Nb5 Ne8 15.
Rfc1 Rf7 16. Qd3 Qd8 17. Rc2 c6 18. Nc3 b6 19. Rd1 a5 20. Bc1 Ba6 21. Qd2 c5
22. Bh3 Nd6 23. Be6 g5 24. f3 Bc8 25. g4 h5 26. h3 Kf8 27. Bxf7 Kxf7 28. b3 Bd7
29. Bb2 Bf6 30. Qd3 Qh8 31. Rh2 h4 32. Rc2 Qc8 33. Nb1 Qa6 34. Qxa6 Rxa6 35.
Na3 Ke7 36. Kf2 Be8 37. Nb1 Bd7 38. Nc3 Be8 39. Ne2 Bb5 40. Nc1 Ra8 41. Nd3
Bxd3 42. Rxd3 Kd7 43. Rd1 Ra7 44. Ke2 Ra8 45. a3 Kc7 46. Ra1 Kb7 47. b4 c4 48.
bxa5 Rxa5 49. a4 Ra8 50. Bc3 Rb8 51. Bb4 Be7 52. Rac1 Ra8 53. Bxd6 Bxd6 54.
Rxc4 Bc5 55. Rb1 Kc7 56. Rb5 Kd6 57. Kd3 Bd4 58. Kc2 Kd7 59. Kb3 Ra7 60. Rc6
Ra8 61. Rb4 Bc5 62. Rc4 Rb8 63. Rg6 Be7 64. Rcc6 b5 65. a5 Ra8 66. a6 1-0

[Event "Frauen Europameisterschaft"]
[Site "Dresden"]
[Date "2004.03.26"]
[Round "6.14"]
[White "Lagvilava, G."]
[Black "Zhukova, N."]
[Result "0-1"]
[WhiteElo "2302"]
[BlackElo "2462"]
[PlyCount "122"]
[EventDate "2004.03.20"]

1. e4 e6 2. d4 d5 3. e5 c5 4. c3 Nc6 5. Be3 Nge7 6. Nf3 Nf5 7. Qd2 Nxe3 8. fxe3
Bd7 9. Bd3 f6 10. exf6 gxf6 11. Qc2 Qe7 12. Nbd2 Bh6 13. e4 cxd4 14. O-O dxc3
15. Qxc3 d4 16. Qb3 O-O 17. Qxb7 Rab8 18. Qc7 e5 19. Nc4 Nb4 20. Ncxe5 fxe5 21.
Bc4+ Kg7 22. Nxe5 Rbc8 23. Qxd7 Rxf1+ 24. Bxf1 Qxd7 25. Nxd7 Be3+ 26. Kh1 d3
27. Ne5 d2 28. Nc4 Nxa2 29. Rd1 Bh6 30. Be2 Nc1 31. Bf1 Nb3 32. g3 Rf8 33. Kg2
Nc5 34. Nd6 Kg6 35. b4 Na4 36. Nc4 Nc3 37. Rxd2 Bxd2 38. Nxd2 Rb8 39. b5 Nxb5
40. Nc4 Nd4 41. e5 Nc6 42. Bd3+ Kg7 43. Kf3 a5 44. Ke4 a4 45. Bc2 Rb4 46. Kd5
Nxe5 47. Na3 Nf3 48. Kc5 Rb8 49. h3 Nd2 50. Bxa4 Ne4+ 51. Kc6 Ra8 52. Bc2 Rxa3
53. Bxe4 Rxg3 54. Bf5 h5 55. Kd5 Re3 56. Kd4 Re1 57. Be4 Kf6 58. Bb7 Kg5 59.
Be4 Kf4 60. Bb7 Rd1+ 61. Kc3 Kg3 0-1

[Event "Frauen Europameisterschaft"]
[Site "Dresden"]
[Date "2004.03.26"]
[Round "6.15"]
[White "Dragomirescu, A."]
[Black "Kovalevskaya, E."]
[Result "1/2-1/2"]
[WhiteElo "2288"]
[BlackElo "2451"]
[PlyCount "81"]
[EventDate "2004.03.20"]

1. d4 Nf6 2. c4 d6 3. Nc3 Nbd7 4. e4 e5 5. d5 g6 6. Bd3 Bg7 7. Nge2 Nh5 8. O-O
O-O 9. Bc2 a6 10. a4 a5 11. Nb5 Nc5 12. Be3 b6 13. Rb1 Qe7 14. b4 axb4 15. Rxb4
f5 16. exf5 Bxf5 17. Bxf5 gxf5 18. Ng3 Nxg3 19. fxg3 Rf7 20. Bxc5 bxc5 21. Rb2
e4 22. Ra2 Rff8 23. a5 Ra6 24. Qd2 e3 25. Qd3 Bh6 26. Qe2 Qg7 27. Qe1 Rf7 28.
Qe2 Qf8 29. Qd3 Qe8 30. Qe2 Qe4 31. Nc3 Qe5 32. Nb5 Qe8 33. Qd3 Qd7 34. Qe2 Qe8
35. Qd3 Qc8 36. Qe2 Qa8 37. Qe1 Qf8 38. Qe2 Kh8 39. Qd3 Kg8 40. Qe2 Qe8 41. Qd3
1/2-1/2

[Event "Frauen Europameisterschaft"]
[Site "Dresden"]
[Date "2004.03.26"]
[Round "6.16"]
[White "Malysheva, P."]
[Black "Zimina, O."]
[Result "0-1"]
[WhiteElo "2281"]
[BlackElo "2408"]
[PlyCount "88"]
[EventDate "2004.03.20"]

1. e4 c6 2. d4 d5 3. Nd2 dxe4 4. Nxe4 Bf5 5. Ng3 Bg6 6. N1e2 e6 7. Nf4 Qh4 8.
Nxg6 hxg6 9. c3 Bd6 10. Qf3 Nf6 11. Bd3 Nbd7 12. Bd2 O-O-O 13. O-O-O e5 14. Kb1
exd4 15. cxd4 Qxd4 16. Ba5 Be5 17. Rd2 Qf4 18. Qd1 Bc7 19. Bc3 Nc5 20. Bc2 Nce4
21. Nxe4 Nxe4 22. Rxd8+ Rxd8 23. Qe1 Nxc3+ 24. Qxc3 Qxf2 25. Qxg7 Qxg2 26. Rc1
Bf4 27. Rd1 Rxd1+ 28. Bxd1 Qe4+ 29. Ka1 Qd5 30. Qf8+ Kd7 31. Bg4+ f5 32. Qg7+
Kc8 33. Qf8+ Kc7 34. Bf3 Qc4 35. a3 Qc1+ 36. Ka2 Qc4+ 37. Ka1 a6 38. Qe7+ Kb6
39. Be2 Qd4 40. h4 Be5 41. Qb4+ Qxb4 42. axb4 Bf6 43. h5 gxh5 44. Bxh5 Be7 0-1

[Event "Frauen Europameisterschaft"]
[Site "Dresden"]
[Date "2004.03.26"]
[Round "6.17"]
[White "Jelica, M."]
[Black "Ciuksyte, D."]
[Result "1/2-1/2"]
[WhiteElo "2222"]
[BlackElo "2392"]
[PlyCount "23"]
[EventDate "2004.03.20"]

1. e4 c5 2. Nc3 e6 3. f4 d5 4. Bb5+ Bd7 5. Bxd7+ Qxd7 6. d3 Nc6 7. Nf3 dxe4 8.
Nxe4 Be7 9. O-O Nf6 10. Kh1 O-O 11. Be3 b6 12. Qe2 1/2-1/2

[Event "Frauen Europameisterschaft"]
[Site "Dresden"]
[Date "2004.03.26"]
[Round "6.18"]
[White "Lauterbach, I."]
[Black "Stepovaia, T."]
[Result "0-1"]
[WhiteElo "2171"]
[BlackElo "2374"]
[PlyCount "120"]
[EventDate "2004.03.20"]

1. e4 c5 2. Nf3 e6 3. b3 b6 4. d4 cxd4 5. Nxd4 Nf6 6. e5 Nd5 7. c4 Nc7 8. Bd3
Bb7 9. O-O Qh4 10. Bb2 Nc6 11. Nf3 Qh6 12. Nc3 f5 13. exf6 gxf6 14. Qd2 Qxd2
15. Nxd2 Be7 16. Ne2 O-O-O 17. Be4 h5 18. Nd4 Rhg8 19. Rad1 h4 20. Nxc6 dxc6
21. g3 hxg3 22. fxg3 Bb4 23. Nb1 Rxd1 24. Rxd1 e5 25. Ba3 Bxa3 26. Nxa3 Rg5 27.
Rf1 Ne8 28. Bf5+ Kc7 29. Be6 Rg7 30. Nc2 Kd6 31. Bh3 a5 32. Ne3 Kc5 33. a3 b5
34. Rc1 b4 35. axb4+ axb4 36. Rf1 Rc7 37. Bg4 Kd4 38. Nd1 Bc8 39. Bh5 Ng7 40.
Bg6 Bg4 41. h4 f5 42. Nf2 Bh5 43. Bxh5 Nxh5 44. Rd1+ Kc3 45. Rd3+ Kc2 46. Rf3
f4 47. g4 Ng3 48. h5 e4 49. Nxe4 Nxe4 50. Rxf4 Ng5 51. Rf5 Nf7 52. g5 Nxg5 53.
Rxg5 Kxb3 54. h6 Rh7 55. Rg6 c5 56. Kf2 Kxc4 57. Ke3 Kb5 58. Kd2 c4 59. Kc1 c3
60. Rf6 Ra7 0-1

[Event "Frauen Europameisterschaft"]
[Site "Dresden"]
[Date "2004.03.26"]
[Round "6.19"]
[White "Vasiliev, O."]
[Black "Houska, J."]
[Result "0-1"]
[WhiteElo "2156"]
[BlackElo "2370"]
[PlyCount "130"]
[EventDate "2004.03.20"]

1. e4 e5 2. Nf3 Nc6 3. Bb5 a6 4. Ba4 Nf6 5. O-O b5 6. Bb3 Bc5 7. Qe2 d6 8. c3
O-O 9. Rd1 Bb6 10. d3 h6 11. Be3 Bxe3 12. fxe3 Rb8 13. Nbd2 Ne7 14. Nf1 c5 15.
Ng3 Qc7 16. Rd2 Bb7 17. Nh4 d5 18. Rf1 Qb6 19. exd5 Bxd5 20. Ngf5 Nxf5 21. Nxf5
Bxb3 22. axb3 Qe6 23. Qf2 Ne8 24. Qh4 Nd6 25. e4 Nxf5 26. exf5 Qf6 27. Qe4 b4
28. Qc4 Rb5 29. Rdf2 Rfb8 30. Ra1 bxc3 31. bxc3 Rxb3 32. Rff1 R8b5 33. Qe4 Kh7
34. c4 Rb6 35. Ra5 Qd6 36. f6+ g6 37. Qd5 Qxd5 38. cxd5 Rxd3 39. Rxc5 g5 40.
Rc7 Kg6 41. Rc8 Rxf6 42. Rg8+ Kh7 43. Rxf6 Kxg8 44. Rxa6 Kg7 45. d6 h5 46. Kf2
Kf6 47. Ke2 Rd4 48. d7+ Ke7 49. Rh6 h4 50. Rh5 f6 51. Rh7+ Ke6 52. Ke3 Rxd7 53.
Rh8 Ra7 54. Rb8 Ra2 55. Kf3 Kf5 56. g4+ Kg6 57. h3 Rh2 58. Rb4 Rxh3+ 59. Kg2
Rg3+ 60. Kf2 Rd3 61. Rb1 Rd4 62. Rg1 Ra4 63. Ke2 Ra2+ 64. Kf3 Ra3+ 65. Kf2 Rg3
0-1

[Event "Frauen Europameisterschaft"]
[Site "Dresden"]
[Date "2004.03.26"]
[Round "6.21"]
[White "Zaiatz, E."]
[Black "Chasovnikova, E."]
[Result "1-0"]
[WhiteElo "2333"]
[BlackElo "2277"]
[PlyCount "121"]
[EventDate "2004.03.20"]

1. d4 d5 2. c4 e6 3. Nf3 Nf6 4. e3 a6 5. Qc2 c6 6. Bd3 Bd6 7. Nbd2 Nbd7 8. O-O
O-O 9. e4 dxe4 10. Nxe4 Nxe4 11. Bxe4 Nf6 12. Bg5 h6 13. Bxf6 Qxf6 14. c5 Bc7
15. Rfe1 Qd8 16. Rad1 Bd7 17. Qb3 Rb8 18. Bc2 b6 19. Qd3 g6 20. Bb3 Qf6 21. Ne5
Be8 22. Qe3 Kg7 23. f4 a5 24. Re2 h5 25. Rf2 Rh8 26. Ba4 bxc5 27. dxc5 Rb4 28.
Rd4 h4 29. Rxb4 axb4 30. Nd3 Rh5 31. Nxb4 e5 32. fxe5 Qxe5 33. Qxe5+ Rxe5 34.
Nd3 Re3 35. Rf3 Re2 36. Rf2 Re3 37. Rd2 f5 38. b4 Re4 39. Bb3 g5 40. Rd1 Bh5
41. Re1 Kg6 42. a4 Be2 43. Nc1 Rxb4 44. Rxe2 Bf4 45. Re6+ Kg7 46. Nd3 Rxb3 47.
Nxf4 gxf4 48. Rxc6 Kf7 49. a5 Ra3 50. a6 Ra2 51. h3 Ra5 52. Kf2 Ra3 53. Rb6 Ke7
54. Rh6 Kf7 55. a7 Kg7 56. Rxh4 Rxa7 57. Rxf4 Kg6 58. Rc4 Kg5 59. c6 Rc7 60.
Ke3 f4+ 61. Ke4 1-0

[Event "Frauen Europameisterschaft"]
[Site "Dresden"]
[Date "2004.03.26"]
[Round "6.22"]
[White "Sudakova, I."]
[Black "Papadopoulou, V."]
[Result "1-0"]
[WhiteElo "2310"]
[BlackElo "2247"]
[PlyCount "109"]
[EventDate "2004.03.20"]

1. e4 c5 2. Ne2 Nc6 3. d4 cxd4 4. Nxd4 Nf6 5. Nc3 d6 6. Bc4 e6 7. Be3 Be7 8.
Bb3 O-O 9. Qe2 a6 10. O-O-O Qc7 11. g4 Nxd4 12. Rxd4 e5 13. Nd5 Bxg4 14. f3
Nxd5 15. Rxd5 Be6 16. Qg2 Kh8 17. Rg1 Rg8 18. Rd3 Bxb3 19. Rxb3 b5 20. f4 b4
21. Bd2 g6 22. Bxb4 Rab8 23. Bc3 Rxb3 24. axb3 Qc5 25. Kb1 f6 26. Rd1 Qe3 27.
fxe5 fxe5 28. Qg4 Rf8 29. Qe6 Qf3 30. Re1 Qf7 31. Qd7 Bh4 32. Qxd6 Bxe1 33.
Qxe5+ Qf6 34. Qxf6+ Rxf6 35. Bxf6+ Kg8 36. c4 Kf7 37. Bc3 Bf2 38. Kc2 g5 39. h3
h5 40. Kd3 Ke6 41. Ke2 Bb6 42. Kf3 Bg1 43. Bd2 Kf6 44. Be3 Bh2 45. b4 Be5 46.
b3 Bc3 47. b5 axb5 48. cxb5 Be5 49. b6 Kg6 50. b7 Bb8 51. Bb6 Kf7 52. Bd8 g4+
53. hxg4 hxg4+ 54. Kxg4 Ke8 55. Bg5 1-0

[Event "Frauen Europameisterschaft"]
[Site "Dresden"]
[Date "2004.03.26"]
[Round "6.23"]
[White "Khurtsidze, N."]
[Black "Czaeczine, A."]
[Result "1-0"]
[WhiteElo "2411"]
[BlackElo "2153"]
[PlyCount "97"]
[EventDate "2004.03.20"]

1. d4 d5 2. Nf3 Nf6 3. c4 c6 4. e3 a6 5. Nbd2 Bf5 6. Be2 h6 7. O-O e6 8. Ne5
Nbd7 9. f4 Be7 10. c5 O-O 11. b4 Ne4 12. Bb2 Nxd2 13. Qxd2 Nf6 14. a4 Ne4 15.
Qd1 f6 16. Nd3 b5 17. Qc2 Qc7 18. Ra3 Ra7 19. Rfa1 Rfa8 20. Qd1 Bg6 21. R1a2
Qb7 22. Nc1 Bd8 23. Nb3 Be8 24. Bg4 f5 25. Be2 Bc7 26. Qa1 Bb8 27. Bc3 Qe7 28.
Nc1 Qb7 29. Be1 Bd7 30. Nd3 Bc8 31. Qd1 Qf7 32. Bh5 g6 33. Bf3 Kh7 34. g4 Qe7
35. h4 Bd7 36. Rg2 Be8 37. gxf5 exf5 38. Ne5 Bxe5 39. dxe5 h5 40. Qd4 Bf7 41.
Rga2 Be6 42. Qa1 Qb7 43. axb5 cxb5 44. Qd4 Qc6 45. Be2 Bd7 46. Rd3 Be6 47. Ra5
Kg8 48. Rda3 Qc7 49. Qa1 1-0

[Event "Frauen Europameisterschaft"]
[Site "Dresden"]
[Date "2004.03.26"]
[Round "6.24"]
[White "Tsiganova, M."]
[Black "Ovod, E."]
[Result "0-1"]
[WhiteElo "2269"]
[BlackElo "2357"]
[PlyCount "64"]
[EventDate "2004.03.20"]

1. d4 Nf6 2. c4 g6 3. Nc3 Bg7 4. e4 d6 5. Nf3 O-O 6. Be2 e5 7. O-O Nc6 8. d5
Ne7 9. b4 Nh5 10. Re1 f5 11. Ng5 Nf6 12. Bf3 c6 13. Ne6 Bxe6 14. dxe6 fxe4 15.
Bxe4 d5 16. cxd5 cxd5 17. Bc2 Qb6 18. Na4 Qxe6 19. Nc5 Qb6 20. Rxe5 Nc6 21. Re2
Nxb4 22. Be3 Ng4 23. Bd4 Qd6 24. g3 Nxc2 25. Rxc2 Bxd4 26. Qxd4 Ne5 27. Kg2 Nf3
28. Qd1 b6 29. Nd3 Rae8 30. Rac1 d4 31. Rc6 Qd5 32. Qb3 Ne1+ 0-1

[Event "Frauen Europameisterschaft"]
[Site "Dresden"]
[Date "2004.03.26"]
[Round "6.25"]
[White "Nill, J."]
[Black "Djingarova, E."]
[Result "1/2-1/2"]
[WhiteElo "2246"]
[BlackElo "2344"]
[PlyCount "25"]
[EventDate "2004.03.20"]

1. d4 d5 2. c4 e6 3. Nf3 c6 4. e3 Nf6 5. Nc3 Nbd7 6. Bd3 dxc4 7. Bxc4 b5 8. Bd3
Bd6 9. O-O O-O 10. e4 e5 11. Ne2 Re8 12. Qc2 Bb7 13. Bg5 1/2-1/2

[Event "Frauen Europameisterschaft"]
[Site "Dresden"]
[Date "2004.03.26"]
[Round "6.26"]
[White "Bensdorp, M."]
[Black "Bosboom-Lanchava, T."]
[Result "0-1"]
[WhiteElo "2161"]
[BlackElo "2323"]
[PlyCount "70"]
[EventDate "2004.03.20"]

1. d4 f5 2. g3 g6 3. Bg2 Nf6 4. c4 Bg7 5. Nf3 O-O 6. O-O d6 7. Nc3 Nc6 8. d5
Na5 9. Nd2 c5 10. dxc6 Nxc6 11. Nb3 Be6 12. Nd5 Bf7 13. Rb1 Rc8 14. Nxf6+ Bxf6
15. Nd2 d5 16. cxd5 Bxd5 17. Bxd5+ Qxd5 18. Qb3 Rfd8 19. Qxd5+ Rxd5 20. e4 Rd3
21. exf5 gxf5 22. b3 Nb4 23. Nc4 Nxa2 24. Bb2 Rxb3 25. Bxf6 Rxb1 26. Rxb1 exf6
27. Nd6 Rc1+ 28. Rxc1 Nxc1 29. Nxb7 Nb3 30. Nd6 a5 31. Nc4 Kf7 32. Kf1 Ke6 33.
Ke1 Kd5 34. Nb2 Kd4 35. h3 Nc5 0-1

[Event "Frauen Europameisterschaft"]
[Site "Dresden"]
[Date "2004.03.26"]
[Round "6.27"]
[White "Shaidullina, S."]
[Black "Hamelink, D."]
[Result "1/2-1/2"]
[WhiteElo "2316"]
[BlackElo "2185"]
[PlyCount "100"]
[EventDate "2004.03.20"]

1. d4 d5 2. Nf3 Nf6 3. c4 c6 4. e3 a6 5. Bd3 b5 6. b3 Bg4 7. Nbd2 Nbd7 8. h3
Bh5 9. Qc2 e6 10. O-O Bb4 11. Bb2 O-O 12. a3 Ba5 13. Ng5 Bxd2 14. Qxd2 h6 15.
Nf3 Ne4 16. Qc2 f5 17. Ne5 Nxe5 18. dxe5 Qg5 19. Kh2 Qh4 20. g3 Qe7 21. f3 Nc5
22. Be2 Rab8 23. b4 Na4 24. c5 Nxb2 25. Qxb2 Ra8 26. a4 Rfb8 27. Qd4 Ra7 28.
Ra3 Rbb7 29. Rfa1 Qc7 30. g4 fxg4 31. hxg4 Bg6 32. f4 Be4 33. Kg3 Qb8 34. axb5
axb5 35. Ra6 Qc7 36. Bd3 Bxd3 37. Qxd3 Rxa6 38. Rxa6 Ra7 39. Qa3 Rxa6 40. Qxa6
Qd7 41. Qb6 Kh7 42. Qb8 Qf7 43. Qd6 Qg6 44. Qxc6 Qd3 45. Qxe6 Qxe3+ 46. Kg2
Qe2+ 47. Kg3 Qe3+ 48. Kg2 Qe2+ 49. Kg1 Qe1+ 50. Kg2 Qe2+ 1/2-1/2

[Event "Frauen Europameisterschaft"]
[Site "Dresden"]
[Date "2004.03.26"]
[Round "6.28"]
[White "Hitzgerova, G."]
[Black "Olarasu, G."]
[Result "0-1"]
[WhiteElo "2190"]
[BlackElo "2311"]
[PlyCount "44"]
[EventDate "2004.03.20"]

1. e4 e5 2. Nf3 Nc6 3. Bb5 Bc5 4. c3 Nge7 5. O-O Bb6 6. d4 exd4 7. cxd4 d5 8.
exd5 Nxd5 9. Re1+ Be6 10. Ng5 O-O 11. Bxc6 bxc6 12. Ne4 Bf5 13. Na3 Re8 14. Nc5
Rxe1+ 15. Qxe1 Qf6 16. Qd2 Re8 17. h3 Qg6 18. Kh1 Qh5 19. Nc4 Bxh3 20. gxh3
Qxh3+ 21. Kg1 Bxc5 22. dxc5 Re6 0-1